[Event "Hiver"]
[Site "Montreal CAN"]
[Date "2007.01.21"]
[Round "4"]
[White "Hua, Lefong"]
[Black "Lacroix, Serge"]
[Result "1-0"]
[WhiteElo "2358"]
[BlackElo "2011"]
[PlyCount "91"]
[EventDate "2007.01.19"]
[EventType "swiss"]
[EventRounds "5"]
[EventCountry "CAN"]

1. d4 d5 2. c4 c6 3. Nc3 Nf6 4. Nf3 Bf5 5. cxd5 cxd5 6. Qb3 Bc8 7. Bf4 a6 8.
Rc1 e6 9. e3 Nc6 10. Ne5 Nxe5 11. Bxe5 Bd6 12. Bg3 O-O 13. Bd3 b5 14. O-O Bxg3
15. hxg3 Qe7 16. Ne2 Bb7 17. a4 bxa4 18. Qxa4 Ng4 19. Nf4 g5 20. Nh3 h6 21. Rc5
Rfc8 22. b4 Qd6 23. Rfc1 Rxc5 24. bxc5 Qc6 25. Qa5 Nf6 26. Rb1 Nd7 27. f4 f6
28. Bc2 Qc8 29. Nf2 Bc6 30. Nd3 Rb8 31. Nb4 Bb5 32. f5 exf5 33. Nxd5 Kg7 34.
Bxf5 Qc6 35. Ne7 Qb7 36. c6 Qb6 37. Qc3 Re8 38. c7 Rxe7 39. c8=Q Qd6 40. Q8c7
Qd5 41. e4 Qa2 42. e5 fxe5 43. dxe5 Re6 44. Rxb5 a5 45. Qxd7+ Kh8 46. Qh7# 1-0

[Event "Hiver"]
[Site "Montreal CAN"]
[Date "2007.01.21"]
[Round "5"]
[White "Lacroix, Serge"]
[Black "Libersan, Thierry"]
[Result "0-1"]
[WhiteElo "2011"]
[BlackElo "2189"]
[PlyCount "78"]
[EventDate "2007.01.19"]
[EventType "swiss"]
[EventRounds "5"]
[EventCountry "CAN"]

1. d4 Nf6 2. c4 c5 3. d5 e6 4. Nc3 exd5 5. cxd5 d6 6. e4 a6 7. a4 g6 8. Nf3 Bg4
9. Be2 Bxf3 10. Bxf3 Nbd7 11. O-O Bg7 12. Bf4 Qc7 13. Qd2 O-O 14. Bh6 Ne5 15.
Be2 Rfe8 16. Bxg7 Kxg7 17. f4 Ned7 18. Bf3 Rab8 19. g4 h6 20. h4 b5 21. g5 Ng8
22. axb5 axb5 23. Rae1 f6 24. Bg4 b4 25. Nd1 hxg5 26. fxg5 fxg5 27. hxg5 Ne5
28. Be6 Rf8 29. Qg2 c4 30. Rxf8 Rxf8 31. Rf1 Rxf1+ 32. Qxf1 c3 33. bxc3 bxc3
34. Ne3 c2 35. Qc1 Qc3 36. Nxc2 Qg3+ 37. Kh1 Qh4+ 38. Kg2 Qxe4+ 39. Kf1 Qh1+
0-1

[Event "Mercredi 2007.01.10"]
[Site "Montreal CAN"]
[Date "2007.01.10"]
[Round "1"]
[White "Ayotte, Jocelyn"]
[Black "Lacroix, Serge"]
[Result "1-0"]
[WhiteElo "2021"]
[BlackElo "2011"]
[PlyCount "75"]
[EventDate "2007.01.10"]
[EventType "tourn"]
[EventRounds "5"]
[EventCountry "CAN"]

1. d4 d5 2. c4 e5 3. dxe5 d4 4. Nf3 Nc6 5. g3 Bg4 6. Bg2 Qd7 7. O-O O-O-O 8.
Qa4 Kb8 9. Nbd2 Bxf3 10. Nxf3 Nxe5 11. Qxd7 Nxf3+ 12. Bxf3 Rxd7 13. Rd1 Bc5 14.
a3 Nf6 15. b4 Be7 16. Bf4 Ka8 17. c5 c6 18. Be5 Rhd8 19. Rd3 Ne8 20. Rad1 Bf6
21. Bxf6 Nxf6 22. b5 cxb5 23. c6 Rd6 24. c7 Rc8 25. Rxd4 Rxd4 26. Rxd4 Ng8 27.
Bg4 Ne7 28. Bxc8 Nxc8 29. Rd8 b6 30. Rxc8+ Kb7 31. Ra8 Kxc7 32. Rxa7+ Kd6 33.
Rxf7 Kc5 34. Rxg7 Kc4 35. Rxh7 Kb3 36. Rb7 Kxa3 37. Rxb6 b4 38. Kf1 1-0

[Event "Mercredi 2007.01.10"]
[Site "Montreal CAN"]
[Date "2007.01.17"]
[Round "2"]
[White "Menard, Dominic"]
[Black "Lacroix, Serge"]
[Result "1-0"]
[WhiteElo "2020"]
[BlackElo "2011"]
[PlyCount "151"]
[EventDate "2007.01.10"]
[EventType "tourn"]
[EventRounds "5"]
[EventCountry "CAN"]

1. d4 Nf6 2. c4 d6 3. Nc3 g6 4. e4 Bg7 5. Be2 Nbd7 6. Bg5 O-O 7. Qd2 e5 8. d5
a5 9. h4 Nc5 10. h5 Bd7 11. f3 c6 12. hxg6 fxg6 13. O-O-O Qc7 14. dxc6 Bxc6 15.
Qxd6 Qxd6 16. Rxd6 Nh5 17. Be7 Rfc8 18. Nh3 Rc7 19. Bh4 Bf8 20. Rdd1 Ne6 21. g4
Nhf4 22. Nxf4 Nxf4 23. Bf6 Bg7 24. Bg5 Nxe2+ 25. Nxe2 Rf7 26. Rd3 Raf8 27. Rh3
Rc8 28. Rd8+ Rxd8 29. Bxd8 a4 30. Nc3 Rd7 31. Bb6 h5 32. Nd5 hxg4 33. fxg4 Rf7
34. Be3 Bf8 35. Kd2 Rf1 36. Kc3 Re1 37. Rf3 a3 38. b3 Bxd5 39. exd5 e4 40. Rh3
Re2 41. Bd2 Bg7+ 42. Kc2 Bf8 43. Re3 Rg2 44. Rxe4 Bb4 45. Rd4 Bc5 46. Rd3 Bd6
47. g5 Rg1 48. b4 b6 49. Kb3 Rg4 50. Be3 Rg3 51. Kc2 Rg2+ 52. Rd2 Rg3 53. Bxb6
Bxb4 54. Rd3 Rg2+ 55. Kb3 Rb2+ 56. Ka4 Be7 57. d6 Rxb6 58. dxe7 Kf7 59. Re3 Ke8
60. c5 Rb2 61. Kxa3 Rb1 62. Ka4 Rg1 63. Re5 Ra1 64. a3 Ra2 65. Kb4 Rb2+ 66. Ka5
Rb8 67. c6 Rb3 68. c7 Rc3 69. Kb6 Rb3+ 70. Rb5 Rc3 71. Rc5 Rb3+ 72. Kc6 Kxe7
73. c8=Q Rxa3 74. Re5+ Kf7 75. Qe8+ Kg7 76. Re7# 1-0

[Event "Mercredi 2007.01.10"]
[Site "Montreal CAN"]
[Date "2007.01.24"]
[Round "3"]
[White "Lacroix, Serge"]
[Black "Boulay, David"]
[Result "0-1"]
[WhiteElo "2011"]
[BlackElo "2097"]
[PlyCount "124"]
[EventDate "2007.01.10"]
[EventType "tourn"]
[EventRounds "5"]
[EventCountry "CAN"]

1. d4 Nf6 2. c4 g6 3. Nc3 Bg7 4. e4 d6 5. Nf3 O-O 6. Be3 Nbd7 7. h3 e5 8. d5
Nh5 9. Bd3 Nf4 10. O-O c5 11. Qc2 Nf6 12. Kh2 N6h5 13. g4 Nxd3 14. Qxd3 Nf4 15.
Bxf4 exf4 16. a3 Qe7 17. Rfe1 f6 18. b4 b6 19. b5 h5 20. gxh5 g5 21. h6 Bxh6
22. e5 dxe5 23. Qg6+ Qg7 24. Qxg7+ Bxg7 25. Ra2 Bf5 26. a4 Bd3 27. Nd2 f5 28.
a5 e4 29. Nd1 f3 30. Rg1 Be5+ 31. Kh1 Bf4 32. Ne3 Kf7 33. Nxf5 Rh8 34. Rg3 Bxg3
35. Nxg3 Rxh3+ 36. Kg1 e3 37. Nxf3 exf2+ 38. Kxf2 Kf6 39. axb6 Bxc4 40. Rxa7
Bxd5 41. Nd2 Re8 42. Ndf1 Rh4 43. Rd7 Rf4+ 44. Kg1 Be6 45. Rd6 Ke5 46. Rc6 Kd4
47. b7 Bg4 48. Rb6 Rb8 49. Nd2 c4 50. Rd6+ Kc5 51. Nge4+ Kxb5 52. Rd5+ Kb4 53.
Rd4 Be6 54. Rd6 Bg8 55. Rb6+ Ka5 56. Rb1 Bd5 57. Nc3 Bxb7 58. Rb5+ Ka6 59. Rxg5
Rh8 60. Nd5 Bxd5 61. Rxd5 Rg8+ 62. Kh2 Rh4# 0-1

[Event "Mercredi 2007.01.10"]
[Site "Montreal CAN"]
[Date "2007.01.31"]
[Round "4"]
[White "Tremblay, Alain"]
[Black "Lacroix, Serge"]
[Result "1/2-1/2"]
[WhiteElo "2079"]
[BlackElo "2011"]
[PlyCount "83"]
[EventDate "2007.01.10"]
[EventType "tourn"]
[EventRounds "5"]
[EventCountry "CAN"]

1. d4 c5 2. d5 e6 3. c4 exd5 4. cxd5 d6 5. e4 Nf6 6. Nc3 g6 7. h3 Bg7 8. Bd3
O-O 9. Nf3 Re8 10. O-O a6 11. a4 Nbd7 12. Re1 Qc7 13. Nd2 Ne5 14. Nc4 Nxc4 15.
Bxc4 b6 16. f4 Nd7 17. Qf3 Rb8 18. Be3 Bd4 19. Rad1 Bxc3 20. bxc3 b5 21. axb5
axb5 22. Bb3 Ra8 23. Ra1 Bb7 24. Bf2 Rxa1 25. Rxa1 Ra8 26. Rxa8+ Bxa8 27. Qe2
Qb8 28. Qa2 Kg7 29. Qa6 Nf6 30. Bc2 Ne8 31. Bd3 c4 32. Bd4+ f6 33. Be2 Qb7 34.
Qa5 Nc7 35. Bd1 Kf8 36. Bb6 Na6 37. Qxb5 Nc5 38. e5 fxe5 39. fxe5 Ne4 40. e6
Ke7 41. Bf3 Nxc3 42. Qa5 1/2-1/2

[Event "Mercredi 2007.01.10"]
[Site "Montreal CAN"]
[Date "2007.02.07"]
[Round "5"]
[White "Lacroix, Serge"]
[Black "Plante, Michel"]
[Result "0-1"]
[WhiteElo "2011"]
[BlackElo "1958"]
[PlyCount "170"]
[EventDate "2007.01.10"]
[EventType "tourn"]
[EventRounds "5"]
[EventCountry "CAN"]

1. d4 d5 2. c4 e6 3. Nf3 c6 4. cxd5 exd5 5. Nc3 Bf5 6. Qb3 Qb6 7. Bf4 Qxb3 8.
axb3 Nd7 9. e3 Ngf6 10. Be2 Be7 11. O-O O-O 12. Nd2 Rfe8 13. Rfc1 Bb4 14. Nf3
Ne4 15. Nxe4 Bxe4 16. Ne5 Nxe5 17. Bxe5 Bd2 18. Rd1 Bb4 19. Ra4 Bf8 20. Bd3
Bxd3 21. Rxd3 h5 22. h4 Re6 23. Bc7 Rc8 24. Ba5 f5 25. g3 Be7 26. f4 Kf7 27.
Bc3 Ra8 28. Kf2 Ke8 29. Rd1 Kd7 30. b4 a6 31. Raa1 Rd8 32. Rd3 Kc7 33. Ra2 Kb6
34. Ra5 Bd6 35. Bd2 Ka7 36. Rb3 Kb8 37. Rd3 Bc7 38. Ra1 Bb6 39. Re1 Re4 40. Bc3
Rd6 41. Kf3 Rg6 42. Re2 Rg4 43. Be1 Bd8 44. Bf2 Kc7 45. Rc2 Kb6 46. Be1 Rg6 47.
Ra3 Rge6 48. b5 Be7 49. Ba5+ Kxb5 50. Rb3+ Kxa5 51. Rxb7 Rxe3+ 52. Kf2 Bb4 53.
Rxg7 Be1+ 54. Kg2 Re2+ 55. Rxe2 Rxe2+ 56. Kf1 Re4 57. Rg5 Kb5 58. Kg2 Re3 59.
Rxh5 Bxg3 60. Rxf5 Bxh4 61. Rf8 Rb3 62. f5 Be7 63. Re8 Bb4 64. f6 Rxb2+ 65. Kf3
Rb1 66. Kg4 Rf1 67. Kg5 a5 68. Rb8+ Kc4 69. Rb6 c5 70. dxc5 Bxc5 71. Ra6 Kb5
72. Ra8 Bd4 73. Rb8+ Kc4 74. Rc8+ Kd3 75. Ra8 Bxf6+ 76. Kg6 Bc3 77. Rd8 d4 78.
Rh8 Kc2 79. Rh2+ Kb3 80. Rh4 d3 81. Rh5 Bb4 82. Rd5 d2 83. Rd3+ Kc2 84. Rd4
d1=Q 85. Rc4+ Kb3 0-1

[Event "Pere Noel"]
[Site "Montreal CAN"]
[Date "2006.12.27"]
[Round "2"]
[White "Ye, Ling Feng"]
[Black "Lacroix, Serge"]
[Result "1/2-1/2"]
[WhiteElo "2136"]
[BlackElo "2012"]
[Annotator "Incomplete"]
[PlyCount "56"]
[EventDate "2006.12.26"]
[EventType "swiss"]
[EventRounds "5"]
[EventCountry "CAN"]

1. e4 e5 2. Nf3 Nc6 3. Bb5 a6 4. Bxc6 dxc6 5. O-O f6 6. Qe2 Bg4 7. d3 Bd6 8.
Nbd2 Ne7 9. h3 Bh5 10. Rd1 Qd7 11. Nf1 c5 12. Ng3 Bf7 13. Nh4 O-O-O 14. a3 Be6
15. Qf3 Nc6 16. c3 c4 17. dxc4 Bxc4 18. b4 Qf7 19. Nhf5 Be7 20. Bb2 Rxd1+ 21.
Rxd1 Rd8 22. Rxd8+ Bxd8 23. Qg4 Qd7 24. Nxg7 Qxg4 25. hxg4 a5 26. N7f5 axb4 27.
cxb4 Ne7 28. Ne3 Bd3 {etc.} 1/2-1/2

[Event "Pere Noel"]
[Site "Montreal CAN"]
[Date "2006.12.29"]
[Round "4"]
[White "Lacroix, Serge"]
[Black "Ayotte, Jocelyn"]
[Result "1-0"]
[WhiteElo "2012"]
[BlackElo "2037"]
[Annotator "Incomplete"]
[PlyCount "80"]
[EventDate "2006.12.26"]
[EventType "swiss"]
[EventRounds "5"]
[EventCountry "CAN"]

1. e4 c6 2. d4 d5 3. Nc3 dxe4 4. Nxe4 Bf5 5. Ng3 Bg6 6. h4 h6 7. h5 Bh7 8. Nf3
Nf6 9. Bd3 Bxd3 10. Qxd3 Qc7 11. c4 e6 12. Bd2 Nbd7 13. O-O-O Bd6 14. Ne4 Bf4
15. Kb1 Nxe4 16. Qxe4 Bxd2 17. Rxd2 Nf6 18. Qe2 O-O-O 19. Ne5 c5 20. Rhd1 cxd4
21. Rxd4 Rxd4 22. Rxd4 Rd8 23. Rxd8+ Kxd8 24. b3 Ke8 25. g4 Nd7 26. f4 f6 27.
Nd3 Kf7 28. Qe3 b6 29. g5 hxg5 30. fxg5 fxg5 31. Qxg5 Qd6 32. Qg6+ Kf8 33. h6
gxh6 34. Qxh6+ Ke7 35. Qg5+ Ke8 36. Qe3 Nc5 37. Kc2 Nd7 38. Qe4 Kf7 39. Qf3+
Nf6 40. Kb2 {etc.} e5 1-0

[Event "Pere Noel"]
[Site "Montreal CAN"]
[Date "2006.12.20"]
[Round "5"]
[White "Prahov, Valentin"]
[Black "Lacroix, Serge"]
[Result "1-0"]
[WhiteElo "2171"]
[BlackElo "2012"]
[PlyCount "109"]
[EventDate "2006.12.26"]
[EventType "swiss"]
[EventRounds "5"]
[EventCountry "CAN"]

1. e4 e5 2. Nf3 Nc6 3. Bc4 Bc5 4. c3 Nf6 5. d4 exd4 6. cxd4 Bb4+ 7. Bd2 Bxd2+
8. Nbxd2 d5 9. exd5 Nxd5 10. Qb3 Nce7 11. O-O O-O 12. Rfe1 c6 13. Ne4 h6 14.
Ne5 Qb6 15. Nc5 Qxb3 16. Bxb3 a5 17. g3 f6 18. Ned3 Kh8 19. Kg2 Bf5 20. Rad1
Rab8 21. h3 Rfe8 22. Bxd5 Nxd5 23. Rxe8+ Rxe8 24. Nxb7 Re2 25. Kf3 Bxd3 26.
Rxd3 Rxb2 27. Nxa5 Nb4 28. Rc3 Rxa2 29. Nxc6 Nxc6 30. Rxc6 Rd2 31. Ke3 Rd1 32.
h4 h5 33. Rc4 g6 34. Ke4 Kg7 35. Kd5 g5 36. Kc6 gxh4 37. gxh4 Kg6 38. d5 Kf5
39. Rc5 Ke5 40. Rb5 f5 41. f4+ Kxf4 42. d6 Kg4 43. d7 Rxd7 44. Kxd7 Kxh4 45.
Ke6 Kg4 46. Ke5 h4 47. Rb1 Kg3 48. Kxf5 h3 49. Rb3+ Kg2 50. Kg4 h2 51. Rb2+ Kg1
52. Kg3 h1=N+ 53. Kf3 Nf2 54. Rxf2 Kh1 55. Kg3 1-0

[Event "St-Hyacinthe"]
[Site "St-Hyacinthe CAN"]
[Date "2006.11.18"]
[Round "2"]
[White "Lacroix, Serge"]
[Black "Giroux, Robert"]
[Result "0-1"]
[WhiteElo "1801"]
[BlackElo "1937"]
[PlyCount "94"]
[EventDate "2006.11.27"]
[EventType "swiss"]
[EventRounds "5"]
[EventCountry "CAN"]

1. e4 c5 2. Nf3 Nc6 3. d4 cxd4 4. Nxd4 Nf6 5. Nc3 e5 6. Ndb5 d6 7. Bg5 a6 8.
Na3 b5 9. Bxf6 gxf6 10. Nd5 f5 11. exf5 Bxf5 12. Qf3 Nd4 13. Nc7+ Qxc7 14.
Qxa8+ Ke7 15. c3 b4 16. cxb4 Qb6 17. Bxa6 Qxb4+ 18. Kf1 Qd2 19. Qb7+ Kf6 20. h3
Bd3+ 21. Bxd3 Qxd3+ 22. Kg1 Bh6 23. Rh2 Bf4 24. g3 Ne2+ 25. Kh1 e4 26. Qb3 Qxb3
27. axb3 Be5 28. Nc4 d5 29. Ne3 d4 30. Nd5+ Kf5 31. Nf4 Bxf4 32. Ra5+ Kf6 33.
gxf4 Nxf4 34. Ra6+ Kg5 35. Ra5+ Kf6 36. Ra6+ Kf5 37. Rg2 Nxg2 38. Kxg2 Rd8 39.
Kf1 Rb8 40. Ra5+ Kf4 41. Ra7 f5 42. Rxh7 Rxb3 43. h4 Rxb2 44. h5 Kf3 45. Ke1
Re2+ 46. Kd1 Rxf2 47. h6 Rh2 0-1

[Event "St-Hyacinthe"]
[Site "St-Hyacinthe CAN"]
[Date "2006.11.18"]
[Round "3"]
[White "Desjardians, Michel"]
[Black "Lacroix, Serge"]
[Result "1/2-1/2"]
[WhiteElo "1902"]
[BlackElo "1937"]
[PlyCount "39"]
[EventDate "2006.11.27"]
[EventType "swiss"]
[EventRounds "5"]
[EventCountry "CAN"]

1. e4 e5 2. Nc3 Nf6 3. Bc4 Bc5 4. d3 d6 5. f4 exf4 6. Bxf4 Nc6 7. Nf3 Bg4 8.
Qd2 Bxf3 9. gxf3 Ne5 10. Bxe5 dxe5 11. O-O-O c6 12. Qg5 Qe7 13. Kb1 Rg8 14. Ne2
O-O-O 15. f4 exf4 16. Nxf4 Be3 17. Qf5+ Kb8 18. Nh5 Nxh5 19. Qxh5 Bd4 20. Qxh7
1/2-1/2

[Event "St-Hyacinthe"]
[Site "St-Hyacinthe CAN"]
[Date "2006.11.19"]
[Round "4"]
[White "Lacroix, Serge"]
[Black "Morissette, Jean"]
[Result "1-0"]
[WhiteElo "1937"]
[BlackElo "1969"]
[PlyCount "77"]
[EventDate "2006.11.27"]
[EventType "swiss"]
[EventRounds "5"]
[EventCountry "CAN"]

1. e4 Nf6 2. e5 Nd5 3. d4 d6 4. c4 Nb6 5. exd6 cxd6 6. Nf3 g6 7. Be3 Bg7 8. Nc3
O-O 9. Rc1 Bg4 10. h3 Bf5 11. b3 e5 12. d5 Na6 13. Bd3 e4 14. Nxe4 Nb4 15. a3
Nxd3+ 16. Qxd3 Re8 17. Nfd2 Bxe4 18. Nxe4 f5 19. Nxd6 Qxd6 20. O-O Rac8 21. b4
Re4 22. Bc5 Qe5 23. d6 Nd7 24. Bxa7 Bh6 25. Rc3 Re1 26. Rxe1 Qxe1+ 27. Kh2 b6
28. Rc2 Qe5+ 29. g3 Bf8 30. c5 bxc5 31. bxc5 Rc6 32. Qb3+ Kg7 33. Qb7 Kh6 34.
Qxc6 Nf6 35. Qf3 Ne4 36. Qf4+ Qxf4 37. gxf4 Kg7 38. f3 Nf6 39. Rd2 1-0

[Event "St-Hyacinthe"]
[Site "St-Hyacinthe CAN"]
[Date "2006.11.19"]
[Round "5"]
[White "Falardeau, Bruno"]
[Black "Lacroix, Serge"]
[Result "1-0"]
[WhiteElo "2072"]
[BlackElo "1937"]
[PlyCount "96"]
[EventDate "2006.11.27"]
[EventType "swiss"]
[EventRounds "5"]
[EventCountry "CAN"]

1. e4 e5 2. Nf3 Nc6 3. Bb5 a6 4. Ba4 Nf6 5. O-O Be7 6. Re1 b5 7. Bb3 d6 8. c3
O-O 9. a4 Bg4 10. d3 Na5 11. Bc2 c5 12. Nbd2 Qc7 13. Nf1 Rfe8 14. h3 Bd7 15.
Ng3 g6 16. Ng5 d5 17. Bd2 dxe4 18. N3xe4 Nxe4 19. dxe4 Nc4 20. Bc1 Nxb2 21. Qf3
f6 22. Nxh7 Kxh7 23. Bxb2 Rab8 24. Bc1 b4 25. cxb4 cxb4 26. Bb3 Qc3 27. Qe3 g5
28. Bd2 Qxe3 29. Bxe3 Rec8 30. Red1 Be8 31. Bd2 Bc5 32. g3 a5 33. Kg2 Bd4 34.
Rac1 Kg7 35. f4 gxf4 36. gxf4 Bh5 37. Rf1 Be2 38. Rfe1 Bd3 39. Kf3 Kf8 40. Be3
Rc3 41. Bd5 Bc2 42. fxe5 fxe5 43. Rxc2 Rxc2 44. Rg1 Re8 45. Rg8+ Ke7 46. Rg7+
Kd6 47. Bg5 Rc7 48. Rg6+ Kc5 1-0

[Event "Laval XXII"]
[Site "Laval CAN"]
[Date "2006.11.25"]
[Round "2"]
[White "Lacroix, Serge"]
[Black "Gadbois, Patrick"]
[Result "1-0"]
[WhiteElo "1921"]
[BlackElo "1967"]
[PlyCount "66"]
[EventDate "2006.11.24"]
[EventType "swiss"]
[EventRounds "5"]
[EventCountry "CAN"]

1. e4 e6 2. d4 d5 3. Nc3 Nf6 4. Bg5 Be7 5. e5 Nfd7 6. Bxe7 Qxe7 7. f4 O-O 8.
Nf3 c5 9. Qd2 Nc6 10. O-O-O a6 11. dxc5 Nxc5 12. Nd4 Bd7 13. g4 Rfc8 14. Kb1 b5
15. Nxc6 Bxc6 16. Qd4 b4 17. Ne2 Ne4 18. Ng3 Ba4 19. Bd3 Qc7 20. Nxe4 Bxc2+ 21.
Bxc2 Qxc2+ 22. Ka1 dxe4 23. Qe3 Rcb8 24. Rc1 Qd3 25. Rhe1 Rc8 26. Rb1 Rd8 27.
f5 b3 28. fxe6 bxa2 29. Rbd1 Qxd1+ 30. Rxd1 Rxd1+ 31. Kxa2 fxe6 32. Qb6 Kf7 33.
Qb7+ Kf8 1-0

[Event "Laval XXII"]
[Site "Laval CAN"]
[Date "2006.11.25"]
[Round "3"]
[White "Bolduc, Steve"]
[Black "Lacroix, Serge"]
[Result "1-0"]
[WhiteElo "2309"]
[BlackElo "1937"]
[PlyCount "85"]
[EventDate "2006.11.24"]
[EventType "swiss"]
[EventRounds "5"]
[EventCountry "CAN"]

1. d4 d5 2. c4 e5 3. dxe5 d4 4. Nf3 Nc6 5. g3 Bg4 6. Bg2 Bc5 7. O-O Nge7 8.
Nbd2 Bxf3 9. Bxf3 Qd7 10. Nb3 b6 11. e3 dxe3 12. Qxd7+ Kxd7 13. Nxc5+ bxc5 14.
Bxe3 Rab8 15. Bg4+ Ke8 16. Bxc5 h5 17. Bh3 g5 18. b3 g4 19. Bg2 Nxe5 20. Bxa7
Rd8 21. Rad1 Rh6 22. Rxd8+ Kxd8 23. Rd1+ Kc8 24. Bc5 Nf5 25. Be4 Nd6 26. Bxd6
cxd6 27. Kg2 Kc7 28. a4 h4 29. a5 hxg3 30. hxg3 Rf6 31. Bd5 Nc6 32. Bxc6 Kxc6
33. b4 Rf3 34. Ra1 Kb7 35. b5 Rb3 36. a6+ Ka7 37. Rd1 Rb4 38. Rxd6 Rxc4 39.
Rd7+ Kb6 40. Rb7+ Ka5 41. a7 Rc8 42. Rb8 Rxb8 43. axb8=Q 1-0

[Event "Laval XXII"]
[Site "Laval CAN"]
[Date "2006.11.26"]
[Round "5"]
[White "Lacroix, Serge"]
[Black "Luksza, Arkadiusz"]
[Result "1/2-1/2"]
[WhiteElo "1921"]
[BlackElo "2211"]
[PlyCount "40"]
[EventDate "2006.11.24"]
[EventType "swiss"]
[EventRounds "5"]
[EventCountry "CAN"]

1. e4 e6 2. d4 d5 3. Nc3 Nf6 4. Bg5 dxe4 5. Nxe4 Be7 6. Nxf6+ Bxf6 7. Bxf6 Qxf6
8. c3 Nd7 9. Qf3 Qe7 10. Be2 O-O 11. Nh3 Rb8 12. O-O b5 13. Bd3 Nf6 14. Ng5 Rd8
15. Bc2 Bb7 16. Ne4 Bxe4 17. Bxe4 b4 18. h3 bxc3 19. bxc3 Rb6 20. Rad1 Rdb8
1/2-1/2

[Event "Dimanche 2006.12"]
[Site "Montreal CAN"]
[Date "2006.11.12"]
[Round "1"]
[White "Lacroix, Serge"]
[Black "Bergeron, Marc"]
[Result "0-1"]
[WhiteElo "1993"]
[BlackElo "1977"]
[PlyCount "40"]
[EventDate "2006.11.12"]
[EventType "swiss"]
[EventRounds "4"]
[EventCountry "CAN"]

1. e4 Nc6 2. d4 d5 3. exd5 Qxd5 4. Nf3 Bg4 5. Nc3 Qh5 6. Be2 O-O-O 7. Be3 e5 8.
d5 Bxf3 9. Bxf3 Qg6 10. Qe2 Nb4 11. O-O-O Nf6 12. Bxa7 e4 13. Bxe4 Nxa2+ 14.
Nxa2 Nxe4 15. f3 Nf6 16. c4 Bd6 17. Be3 Rhe8 18. Qd2 Nd7 19. Nc3 Ne5 20. b3
Ba3+ 0-1

[Event "Dimanche 2006.12"]
[Site "Montreal CAN"]
[Date "2006.12.03"]
[Round "2"]
[White "Carrier, Claude"]
[Black "Lacroix, Serge"]
[Result "1/2-1/2"]
[WhiteElo "1960"]
[BlackElo "1929"]
[PlyCount "74"]
[EventDate "2006.11.12"]
[EventType "swiss"]
[EventRounds "4"]
[EventCountry "CAN"]

1. e4 e5 2. Nf3 Nc6 3. Bb5 a6 4. Ba4 Nf6 5. O-O Be7 6. Re1 b5 7. Bb3 O-O 8. c3
d5 9. exd5 Nxd5 10. Nxe5 Nxe5 11. Rxe5 c6 12. d3 Bd6 13. Re4 Bf5 14. Re1 Qh4
15. g3 Qh3 16. Qf3 Rae8 17. Rxe8 Rxe8 18. Bd2 Bg4 19. Qg2 Qh5 20. Bxd5 cxd5 21.
Be3 Bf3 22. Qf1 Be2 23. Qg2 Bxd3 24. Nd2 b4 25. Rc1 h6 26. Qf3 Qxf3 27. Nxf3
Rc8 28. cxb4 Rxc1+ 29. Bxc1 Bxb4 30. Bd2 Bc5 31. Be3 f6 32. Nd4 Kf7 33. g4 g6
34. Kg2 f5 35. gxf5 gxf5 36. f4 Kg6 37. Kg3 h5 1/2-1/2

[Event "Dimanche 2006.10"]
[Site "Montreal CAN"]
[Date "2006.10.01"]
[Round "1"]
[White "Lacroix, Serge"]
[Black "Chapman, Ronald"]
[Result "1-0"]
[WhiteElo "1947"]
[BlackElo "1111"]
[PlyCount "43"]
[EventDate "2006.10.01"]
[EventType "swiss"]
[EventRounds "5"]
[EventCountry "CAN"]

1. e4 c5 2. Nf3 d6 3. d4 cxd4 4. Nxd4 Bd7 5. Nc3 Nc6 6. Be3 Nf6 7. Be2 e5 8.
Ndb5 a6 9. Nxd6+ Bxd6 10. Qxd6 Qe7 11. O-O-O O-O 12. Qxe7 Nxe7 13. Rd6 Bc6 14.
f3 Rac8 15. Rhd1 b5 16. a3 a5 17. Nxb5 Rb8 18. Nc3 Rb7 19. Rd8 Rxd8 20. Rxd8+
Ne8 21. Ba6 Rc7 22. Bb6 1-0

[Event "Dimanche 2006.10"]
[Site "Montreal CAN"]
[Date "2006.10.15"]
[Round "2"]
[White "Messier, Samuel"]
[Black "Lacroix, Serge"]
[Result "0-1"]
[WhiteElo "1574"]
[BlackElo "1929"]
[PlyCount "74"]
[EventDate "2006.10.01"]
[EventType "swiss"]
[EventRounds "5"]
[EventCountry "CAN"]

1. e4 e5 2. Nf3 Nc6 3. Bb5 a6 4. Ba4 Nf6 5. O-O b5 6. Bb3 Be7 7. Re1 d6 8. c3
O-O 9. h3 Na5 10. Bc2 c5 11. d4 Qc7 12. Nbd2 cxd4 13. cxd4 Bd7 14. Nf1 Rfc8 15.
dxe5 Qxc2 16. exf6 Qxd1 17. Rxd1 Bxf6 18. e5 Be7 19. exd6 Bf6 20. Ne3 Nc4 21.
Nd5 Bd8 22. Ne7+ Bxe7 23. dxe7 Be6 24. b3 Nb6 25. Ng5 Nd5 26. Nxe6 fxe6 27. Bg5
h6 28. Bh4 g5 29. Bg3 Kf7 30. Rac1 Kxe7 31. Kf1 a5 32. a4 bxa4 33. bxa4 Kd7 34.
Be5 h5 35. Bf6 Rxc1 36. Rxc1 Nxf6 37. Rc5 Nd5 0-1

[Event "Dimanche 2006.10"]
[Site "Montreal CAN"]
[Date "2006.10.22"]
[Round "3"]
[White "Bergeron, Marc"]
[Black "Lacroix, Serge"]
[Result "0-1"]
[WhiteElo "1991"]
[BlackElo "1949"]
[PlyCount "66"]
[EventDate "2006.10.01"]
[EventType "swiss"]
[EventRounds "5"]
[EventCountry "CAN"]

1. c4 e5 2. Nc3 Nf6 3. g3 Bb4 4. Bg2 O-O 5. Nf3 Re8 6. O-O d6 7. Nd5 Bc5 8. d4
exd4 9. Bg5 Nbd7 10. Nxd4 c6 11. Nxf6+ Nxf6 12. Nb3 Bb6 13. Qd2 Bg4 14. e3 Ne4
15. Bxd8 Nxd2 16. Bxb6 Nxb3 17. axb3 axb6 18. f3 Be6 19. f4 f5 20. Rad1 Red8
21. Rf2 Kf7 22. Rfd2 Ke7 23. Kf2 Ra2 24. Ke2 b5 25. Kd3 bxc4+ 26. bxc4 b5 27.
Bxc6 bxc4+ 28. Ke2 Rb8 29. Rxd6 Rbxb2+ 30. R6d2 c3 31. Rxb2 Bc4+ 32. Ke1 cxb2
33. Bd7 g6 0-1

[Event "Dimanche 2006.10"]
[Site "Montreal CAN"]
[Date "2006.10.29"]
[Round "4"]
[White "Lacroix, Serge"]
[Black "Carrier, Claude"]
[Result "0-1"]
[WhiteElo "1929"]
[BlackElo "1960"]
[PlyCount "86"]
[EventDate "2006.10.01"]
[EventType "swiss"]
[EventRounds "5"]
[EventCountry "CAN"]

1. d4 Nf6 2. c4 g6 3. Nc3 d5 4. cxd5 Nxd5 5. e4 Nxc3 6. bxc3 c5 7. Nf3 Bg7 8.
Be3 O-O 9. Bc4 Nc6 10. Qd2 Qa5 11. Rd1 Bg4 12. O-O Rfd8 13. Qb2 cxd4 14. cxd4
Rd7 15. Rd2 Bxf3 16. gxf3 e6 17. Rfd1 a6 18. f4 Rc8 19. Qb3 Qc7 20. Bf1 Na5 21.
Qb1 b5 22. a4 Nc4 23. Rc2 Qa5 24. axb5 axb5 25. Ra2 Qb6 26. Bxc4 Rxc4 27. d5
Qb7 28. Ra7 Qc8 29. Qa2 Rxa7 30. Qxa7 exd5 31. exd5 Qg4+ 32. Kf1 Qxd1+ 33. Kg2
Qxd5+ 34. Kg3 Rc8 35. Qa6 Qc6 36. Qa5 Qc4 37. h4 h5 38. f5 Qg4+ 39. Kh2 Be5+
40. Kh1 Qh3+ 41. Kg1 Bh2+ 42. Kh1 Bc7+ 43. Kg1 Bxa5 0-1

[Event "Quebec op"]
[Site "Montreal CAN"]
[Date "2006.07.07"]
[Round "1"]
[White "Poirier, Erik"]
[Black "Lacroix, Serge"]
[Result "1/2-1/2"]
[WhiteElo "2146"]
[BlackElo "2000"]
[PlyCount "30"]
[EventDate "2006.07.08"]
[EventType "swiss"]
[EventRounds "9"]
[EventCountry "CAN"]

1. d4 d5 2. c4 e5 3. dxe5 d4 4. a3 Nc6 5. Nf3 Nge7 6. Bg5 Bg4 7. Nbd2 Qd7 8.
Qa4 Ng6 9. h3 Be6 10. Nb3 h6 11. Bd2 Ncxe5 12. Qxd7+ Bxd7 13. Nfxd4 Nxc4 14.
Bc3 O-O-O 15. e3 Nb6 1/2-1/2

[Event "Quebec op"]
[Site "Montreal CAN"]
[Date "2006.07.08"]
[Round "2"]
[White "Lacroix, Serge"]
[Black "Dupuis, Stephane"]
[Result "0-1"]
[WhiteElo "2002"]
[BlackElo "2163"]
[PlyCount "90"]
[EventDate "2006.07.08"]
[EventType "swiss"]
[EventRounds "9"]
[EventCountry "CAN"]

1. e4 e5 2. f4 exf4 3. Bc4 Qh4+ 4. Kf1 d5 5. Nf3 Qh5 6. exd5 Bd6 7. Nc3 Ne7 8.
d4 O-O 9. Ne4 Ng6 10. Bd2 Nd7 11. Nfg5 Qh6 12. Be2 Be7 13. Nf3 f5 14. Nf2 Nf6
15. c4 Ne4 16. Bd3 Nxd2+ 17. Qxd2 Bf6 18. Re1 Nh4 19. Nxh4 Qxh4 20. Be2 Bd7 21.
Bf3 Rae8 22. Rxe8 Rxe8 23. g3 fxg3 24. hxg3 Qxg3 25. Rh3 Qg5 26. Qxg5 Bxg5 27.
Nd3 Bf6 28. d6 cxd6 29. Bxb7 Bxd4 30. Nf4 g5 31. Bd5+ Kg7 32. Nh5+ Kg6 33. b3
f4 34. Rd3 Be3 35. Nxf4+ gxf4 36. Bg2 Bc5 37. Bf3 Re3 38. Rxe3 Bxe3 39. Ke2 Bf5
40. b4 h5 41. a4 Bg4 42. a5 Kf5 43. b5 Bxf3+ 44. Kxf3 h4 45. a6 h3 0-1